00583nam a22001457a 4500003000400000005001700004008004100021040001400062100002600076245013300102260001000235300002800245500013300273504003100406OSt20171010095448.0120621t xxu||||| |||| 00| 0 eng d aMMSUcULS aMalapira, Roselyn S.  aSurvival and growth performance of Jatropha curcas L. as affected by source and diameter of branch cuttingscRoselyn S. Malapira c2007  axiv, 75 leaves c28 cm. aThesis (BS in Forestry) -- Mariano Marcos State University-College of Agriculture, Food and Sustainable Development, Batac City  aBibliography: leaves 45-47